Human Taxonomy - Statistics

General Stats
  • This quiz has been taken 18,887 times
  • The average score is 5 of 8
Answer Stats
Classification Answer % Correct
Species H. sapiens
93%
Genus Homo
93%
Kingdom Animalia
82%
Class Mammalia
75%
Order Primates
51%
Phylum Chordata
46%
Domain Eukaryota
35%
Family Hominidae
25%
No matching quizzes found
Score Distribution
Percent of People with Each Score
Percentile by Number Answered
Your Score History
You have not taken this quiz